[Event "San Jose op"]
[Site "San Jose"]
[Date "1998.??.??"]
[Round "8"]
[White "Arnal, JL."]
[Black "Pardo Vallbuena, Jordi"]
[Result "1/2-1/2"]
[WhiteElo "1720"]
[BlackElo "1875"]
[PlyCount "37"]
[EventDate "1998.??.??"]
[EventType "swiss"]
[EventRounds "9"]
[EventCountry "ESP"]
[SourceTitle "EXT 2000"]
[Source "ChessBase"]
[SourceDate "1999.11.16"]
[SourceVersion "1"]
[SourceVersionDate "1999.11.16"]
[SourceQuality "1"]

1. e4 c5 2. Nf3 Nc6 3. d4 cxd4 4. Nxd4 e5 5. Nb3 Nf6 6. Nc3 Bb4 7. Bg5 Bxc3+ 8. bxc3 0-0 9. Bc4 h6 10. Bh4 g5 11. Bg3 Nxe4 12. 0-0 Nxg3 13. fxg3 d6 14. Qh5 d5 15. Rad1 Qb6+ 16. Kh1 Kg7 17. Bxd5 f5 18. g4 Ne7 19. h4 1/2-1/2

[Event "San Jose op"]
[Site "San Jose"]
[Date "1998.??.??"]
[Round "7"]
[White "Pardo Vallbuena, Jordi"]
[Black "Andres Terrado, Miguel Angel"]
[Result "1/2-1/2"]
[WhiteElo "1875"]
[BlackElo "2065"]
[PlyCount "100"]
[EventDate "1998.??.??"]
[EventType "swiss"]
[EventRounds "9"]
[EventCountry "ESP"]
[SourceTitle "EXT 2000"]
[Source "ChessBase"]
[SourceDate "1999.11.16"]
[SourceVersion "1"]
[SourceVersionDate "1999.11.16"]
[SourceQuality "1"]

1. d4 Nf6 2. c4 g6 3. Nc3 Bg7 4. e4 d6 5. Nf3 0-0 6. Be2 e5 7. d5 Nbd7 8. Be3 a5 9. Qc2 Nc5 10. Bxc5 dxc5 11. Nxe5 Nxe4 12. Nxe4 Bxe5 13. Nxc5 Bd6 14. Nd3 b6 15. 0-0 Qh4 16. f4 Bf5 17. a3 a4 18. g3 Qf6 19. Qc3 Qxc3 20. bxc3 Rfe8 21. Kf2 Re7 22. Rfe1 Rae8 23. c5 Bxd3 24. Bxd3 Bxc5+ 25. Kf1 Rxe1+ 26. Rxe1 Rxe1+ 27. Kxe1 Bxa3 28. Bb5 Bb2 29. Bxa4 Bxc3+ 30. Ke2 Kf8 31. Kd3 Bb4 32. Ke4 f5+ 33. Kf3 Ke7 34. h3 h5 35. g4 hxg4+ 36. hxg4 Bd2 37. gxf5 gxf5 38. Bb3 b5 39. Ba2 Kd6 40. Bb3 Kc5 41. Bc2 Kxd5 42. Bxf5 c5 43. Be4+ Kd4 44. f5 Kc3 45. f6 Bh6 46. f7 b4 47. Bf5 c4 48. Ke4 Kb2 49. Kd4 c3 50. Kc4 b3 1/2-1/2

[Event "Centelles op B"]
[Site "Centelles"]
[Date "1996.09.14"]
[Round "2"]
[White "Rodriguez Sorribes, Josep Antoni"]
[Black "Pardo Vallbuena, Jordi"]
[Result "1/2-1/2"]
[WhiteElo "1730"]
[BlackElo "1880"]
[PlyCount "79"]
[EventDate "1996.09.07"]
[EventType "swiss"]
[EventRounds "8"]
[EventCountry "ESP"]
[SourceTitle "EXT 2003"]
[Source "ChessBase"]
[SourceDate "2002.11.25"]
[SourceVersion "1"]
[SourceVersionDate "2002.11.25"]
[SourceQuality "1"]

1. d4 d5 2. c4 Nf6 3. Nc3 e6 4. Nf3 h6 5. e3 Nc6 6. c5 b6 7. Bb5 Bd7 8. Ne5 Nxe5 9. dxe5 Bxb5 10. exf6 Qd7 11. fxg7 Bxg7 12. cxb6 cxb6 13. Bd2 Ba6 14. a4 Rd8 15. Rb1 Qb7 16. Qg4 Rg8 17. Nb5 Bxb5 18. axb5 Kd7 19. Qf3 Ke8 20. 0-0 Rc8 21. Bb4 Rc4 22. Ba3 Qd7 23. b3 Rc7 24. Qg3 f6 25. Bd6 Rc8 26. Qg6+ Qf7 27. Qxf7+ Kxf7 28. Rbc1 e5 29. Bb4 f5 30. Ra1 Rc7 31. Rfc1 Rgc8 32. Rxc7+ Rxc7 33. h3 Rd7 34. Rd1 d4 35. exd4 Rxd4 36. Rxd4 exd4 37. Kf1 Ke6 38. Ke2 Kd5 39. Kd3 Be5 40. f3 1/2-1/2